• 首页
  • 本馆介绍
  • 公告通知
  • 最新文献
  • 馆藏检索
  • 电子资源
  • 读者导购
  • 参考咨询
  • 我的图书馆
  • 登录
  • 详细信息显示
  • 放入我的书架
  • 预约/预借图书
  • 作者相关作品
  • 分类相关作品
  • 丛书相关作品
  • 出版社相关作品

书目信息

  • 表格格式
  • 工作单格式
  • 卡片格式
题名:
不可逆过程热力学
    
 
作者: 姚 著 ;鲜于玉琼 , 张经坤 译
分册:  
出版信息: 北京   科学出版社  1981.02
页数: 309页
开本: 20cm
丛书名:
单 册:
中图分类: O642.1
科图分类:
主题词: 物理化学 , 量子化学
电子资源:
ISBN:
000 00681nam0 2200241 45
001 0405200925
005 20040913172258.3
010    @dCNY1.90
091    @a13031.1426
100    @a20040520d1981 km y0chiy0120 ea
101 0  @achi
105    @a z 000yy
200 1  @a不可逆过程热力学@ABu Ke Ni Guo Cheng Re Li Xue@f(加)Y.L.姚著@F(Jia)Y.L.Yao Zhu@g鲜于玉琼,张经坤译
210    @a北京@c科学出版社@d1981.02
215    @a309页@d20cm
606 0  @a物理化学
606 0  @a量子化学
690    @aO642.1@v3
701  0 @a姚@4著
702  0 @a鲜于玉琼@AXian Yu Yu Qiong@4译
702  0 @a张经坤@AZhang Jing Kun@4译
801    @aCN@bPftUser@c20040520
905    @dO642.1@e28@f1@b203717
    
    不可逆过程热力学/(加)Y.L.姚著/鲜于玉琼,张经坤译.-北京:科学出版社,1981.02
    309页;20cm
    
    
    ISBN :CNY1.90
    
●
相关链接 在E读中查询图书 在五车中查询图书 在当当中查询图书 在豆瓣中查询图书


正题名:不可逆过程热力学     索取号:O642.1/28         预约/预借

序号 登录号 条形码 馆藏地/架位号 状态 备注
1 0203716   000341981   密集书库/ [索取号:O642.1/28] 在馆    
2 0203717   001695561   第三借阅区/ [索取号:O642.1/28] 在馆    
3 0203718   000341990   第二样本阅览室/ [索取号:O642.1/28] 在馆    
唐山师范学院图书馆 欢迎您!
大连网信软件有限公司© 版权所有